El Comandante: novela /
Պահպանված է:
| Հիմնական հեղինակ: | |
|---|---|
| Ձևաչափ: | Անհայտ |
| Լեզու: | Spanish |
| Հրապարակվել է: |
Nicaragua :
Ediciones Club de Lectores,
1974.
|
| Հրատարակություն: | 3 edición |
| Խորագրեր: | |
| Ցուցիչներ: |
Ավելացրեք ցուցիչ
Չկան պիտակներ, Եղեք առաջինը, ով նշում է այս գրառումը!
|
MARC
| LEADER | 000000000a22000000004500 | ||
|---|---|---|---|
| 001 | 008151 | ||
| 041 | 0 | |a spa | |
| 082 | 0 | 4 | |a N863.44 |b S585c |
| 100 | 1 | |a Silva, Fernando, |d 1927- | |
| 245 | 1 | 3 | |a El Comandante: novela / |c Fernando Silva. |
| 250 | |a 3 edición | ||
| 260 | 1 | |a Nicaragua : |b Ediciones Club de Lectores, |c 1974. | |
| 300 | |a 213 páginas | ||
| 650 | 4 | |a LITERATURA NICARAGUENSE | |
| 650 | 4 | |a NOVELA | |
| 650 | 4 | |a LITERATURA HISPANOAMERICANA | |
| 999 | |c 13751 |d 13751 | ||
| 942 | |c BK |h N863.44 S585c |2 z | ||
